书目信息 |
| 题名: |
穿越奥运的时空
|
|
| 作者: | 齐传贤 编著 | |
| 分册: | ||
| 出版信息: | 广州 花城出版社 2008 |
|
| 页数: | 387页 | |
| 开本: | 21cm | |
| 丛书名: | ||
| 单 册: | ||
| 中图分类: | G811.219 | |
| 科图分类: | ||
| 主题词: | 奥运会--体育运动史 , 奥运会 , 体育运动史 | |
| 电子资源: | ||
| ISBN: | 978-7-5360-5178-2 | |
| 000 | 00976nam0 2200265 45 | |
| 001 | 1130759390 | |
| 005 | 20110310093726.46 | |
| 010 | @a978-7-5360-5178-2@dCNY35.00 | |
| 100 | @a20110122d2008 em y0chiy50 ea | |
| 101 | 0 | @achi |
| 102 | @aCN@b440000 | |
| 105 | @aac z 000yy | |
| 106 | @ar | |
| 200 | 1 | @a穿越奥运的时空@AChuan Yue Ao Yun De Shi Kong@dThrough the spacetime of the Olympics@f齐传贤编著@FQi Chuan Xian Bian Zhu@zeng |
| 210 | @a广州@c花城出版社@d2008 | |
| 215 | @a387页@c照片,肖像@d21cm | |
| 330 | @a本书介绍了风起云涌的奥运会历史,重点突出云谲波诡的赛场变幻、扣人心弦的申办竞争、耐人寻味的传奇故事、体育与政治纠结不清的关系、无法抗拒的商业化趋势、兴奋剂阴云的困扰等等。 | |
| 510 | 1 | @aThrough the spacetime of the Olympics@zeng |
| 606 | 0 | @a奥运会@x体育运动史 |
| 606 | 0 | @a奥运会 |
| 606 | 0 | @a体育运动史 |
| 690 | @aG811.219@v4 | |
| 701 | 0 | @a齐传贤@AQi Chuan Xian@4编著 |
| 801 | 0 | @aCN@bTANGWEI@c20110310 |
| 905 | @b0532155-59@dG811.219@e69@f5 | |
| 穿越奥运的时空=Through the spacetime of the Olympics/齐传贤编著.-广州:花城出版社,2008 |
| 387页:照片,肖像;21cm |
| ISBN 978-7-5360-5178-2:CNY35.00 |
| 本书介绍了风起云涌的奥运会历史,重点突出云谲波诡的赛场变幻、扣人心弦的申办竞争、耐人寻味的传奇故事、体育与政治纠结不清的关系、无法抗拒的商业化趋势、兴奋剂阴云的困扰等等。 |
| ● |
| 相关链接 |
|
|
|
|
正题名:穿越奥运的时空
索取号:G811.219/69
 
预约/预借
| 序号 | 登录号 | 条形码 | 馆藏地/架位号 | 状态 | 备注 |
| 1 | 0532155 | 205321551 | 第一样本阅览室/ [索取号:G811.219/69] | 在馆 | |
| 2 | 0532156 | 205321560 | 第四借阅区/ [索取号:G811.219/69] | 在馆 | |
| 3 | 0532157 | 205321579 | 第四借阅区/ [索取号:G811.219/69] | 在馆 | |
| 4 | 0532158 | 205321588 | 第四借阅区/ [索取号:G811.219/69] | 在馆 | |
| 5 | 0532159 | 205321597 | 密集书库-体育系/ [索取号:G811.219/69] | 在馆 |